00527nam a2200193Ia 450000500170000000800410001702000220005804100080008008200200008810000140010824500460012225000120016826000470018030000210022744000060024850000250025465000240027970000300030320230418160107.0230125s9999 xx 000 0 und d a978-81-7708-466-5 aeng a658.15bSUM/SUB aSuman P M aFinancial Inclusion Through Micro Finance a1st Ed. c2018bNew Century Publications.aNew Delhi a175pcHard Bound v1 aFinancial Economics  aFinancial Economics aSuman P M & Subramanyam M